Word Ladder: Avengers Quiz Stats

 Plays Quiz Updated Feb 20, 2012

Support Sporcle.
Go Orange.
Score 0/22 Timer 03:00
2 Plays Today
Hint Answer % Correct
Member of the Avengers, played by Mark Ruffalo•HULK•
88.8%
____ Man, member of the Avengers, played by Robert Downey, Jr.•IRON•
87.7%
Member of the Avengers, played by Chris Hemsworth•THOR•
84.4%
Body of a shipHULL
81.4%
Tom Sawyer's best friendHUCK
80.4%
Put someone six feet underBURY
79.3%
RedneckHICK
75.5%
Bluish-greenTEAL
75.1%
'____ she blows!'THAR
74%
S.H.I.E.L.D. member Maria ____, played by Cobie Smulders•HILL•
73.1%
Hold a match toBURN
73%
Hint Answer % Correct
1982 Disney sci-fi flickTRON
71.4%
Suffix with mara- or tele-THON
70.5%
With last rung, S.H.I.E.L.D. agent played by Samuel L. Jackson•NICK•
68.5%
Ahmadinejad's landIRAN
68.3%
Folk hero WilliamTELL
67.9%
Type of cerealBRAN
67.8%
With first rung, S.H.I.E.L.D. agent played by Samuel L. Jackson•FURY•
67.2%
Cash registerTILL
66.9%
Capital of SwitzerlandBERN
65%
Lachrymal gland outputTEAR
64.8%
Hit a batter in the headBEAN
59.2%

Today's Daily Dose

Word Ladder
ING Words

Get the Picture
Nearest Volcano

From the Vault

Disney Movie Object Match

by triviahappy

Movies 2m
For a quiz about Disney, you'd think there'd be some mouse ears.
Remove Ads.
Support Sporcle.
Get the best of Sporcle when you Go Orange. This ad-free experience offers more features, more stats, and more fun while also helping to support Sporcle. Thank you for becoming a member.

Show Comments

Extras

Top Quizzes Today


Score Distribution

Your Account Isn't Verified!

In order to create a playlist on Sporcle, you need to verify the email address you used during registration. Go to your Sporcle Settings to finish the process.

Report this User

Report this user for behavior that violates our Community Guidelines.

Details: